वुत्तोदयप्पकरणं (Record no. 1227021)

MARC details
000 -LEADER
fixed length control field 00822nam a2200217Ia 4500
005 - DATE AND TIME OF LATEST TRANSACTION
control field 20241129110023.0
008 - FIXED-LENGTH DATA ELEMENTS--GENERAL INFORMATION
fixed length control field 241129s9999||||xx |||||||||||||| ||und||
020 ## - INTERNATIONAL STANDARD BOOK NUMBER
International Standard Book Number 978-81-8315-481-9
037 ## - SOURCE OF ACQUISITION
Stock number TB
040 ## - CATALOGING SOURCE
Original cataloging agency ARTS
Language of cataloging san
Transcribing agency ARTS
041 ## - LANGUAGE CODE
Language code of text/sound track or separate title san
Source of code Pali
084 ## - COLON CLASSIFICATION NUMBER
Classification number O1511,1(P:75)x 15R3
Assigning agency ARTS
100 ## - MAIN ENTRY--PERSONAL NAME
Personal name शर्मा, सत्यप्रकाश, संपा.
245 #0 - TITLE STATEMENT
Title वुत्तोदयप्पकरणं
Statement of responsibility, etc. शर्मा, सत्यप्रकाश, संपा.
260 ## - PUBLICATION, DISTRIBUTION, ETC.
Place of publication, distribution, etc. दिल्ली, भारत
Name of publisher, distributor, etc. न्यू भारतीय बुक कॉरपोरेशन
Date of publication, distribution, etc. 2023
300 ## - PHYSICAL DESCRIPTION
Extent 216पृ0
365 ## - TRADE PRICE
Price type code INR
Price amount 600
650 ## - SUBJECT ADDED ENTRY--TOPICAL TERM
Topical term or geographic name entry element Pali LiteraturePoetryLinguistics
9 (RLIN) 726909
942 ## - ADDED ENTRY ELEMENTS (KOHA)
Koha item type Textbook
Classification part O1511,1(P:75)x 15R3
Holdings
Withdrawn status Lost status Damaged status Not for loan Home library Current library Date acquired Source of acquisition Cost, normal purchase price Inventory number Total Checkouts Full call number Barcode Date last seen Price effective from Koha item type
        Arts Library Arts Library 2024-11-29 Oriental Book Company 600.00 16 & 13/12/2023   O1511,1(P:75)x 15R3 AL1803054 2024-11-29 2024-11-29 Textbook
Copyright @ Delhi University Library System